Geografia universal, descriptiva, histórica, industrial y comercial, de las quatro partes del mundo / (Record no. 154700)

MARC details
000 -LEADER
campo de control de longitud fija 00832nam a22001935i 4500
001 - NÚMERO DE CONTROL
campo de control 154700
003 - IDENTIFICADOR DE NÚMERO DE CONTROL
campo de control ES-MaACL
005 - FECHA Y HORA DE LA ÚLTIMA TRANSACCIÓN
campo de control 20250815062538.0
008 - DATOS DE LONGITUD FIJA--INFORMACIÓN GENERAL
campo de control de longitud fija 961110m18041814sp |||| | spa d
040 ## - FUENTE DE CATALOGACIÓN
Centro catalogador/agencia de origen CARM
Lengua de catalogación spa
Centro/agencia transcriptor CCPB | SIC
100 1# - ENTRADA PRINCIPAL--NOMBRE DE PERSONA
Nombre de persona Guthrie, William.
9 (RLIN) 143163
245 10 - MENCIÓN DEL TÍTULO
Título Geografia universal, descriptiva, histórica, industrial y comercial, de las quatro partes del mundo /
Mención de responsabilidad, etc. escrita en ingles por Guillermo Guthrie ; traducida al frances por Fr. Noel ; y de la segunda edicion en esta lengua á la española por D.J.I.C.
260 ## - PUBLICACIÓN, DISTRIBUCIÓN, ETC.
Lugar de publicación, distribución, etc. Madrid :
Nombre del editor, distribuidor, etc. [s.n.],
Fecha de publicación, distribución, etc. 1804-1814 (
Fabricante En la Imprenta de Villalpando)
300 ## - DESCRIPCIÓN FÍSICA
Extensión 14 v. ;
Dimensiones 17 cm.
650 07 - PUNTO DE ACCESO ADICIONAL DE MATERIA--TÉRMINO DE MATERIA
Término de materia o nombre geográfico como elemento de entrada Geografía
Fuente del encabezamiento o término embne
9 (RLIN) 13070
852 ## - LOCALIZACIÓN
Ubicación ES-MaACL
Número de control de estantería C-8040
Nota libre -- Enc. pasta española
condición física -- Sólo el t. III, 1805 (432 p.)
Holdings
Estatus retirado Estado de pérdida Estado de daño No para préstamo Colección Biblioteca de origen Biblioteca actual Ubicación en estantería Fecha de adquisición Fuente de adquisición Total de préstamos Signatura topográfica completa Código de barras Visto por última vez Precio de reemplazo Tipo de ítem Koha
        Libros del s. XIX Biblioteca del Ateneo de Madrid Biblioteca del Ateneo de Madrid Sala Palomar 17/01/2008     C-8040 1161805 23/02/2023 23/02/2023 Libro impreso antiguo